00607 2200217 4500001002100000005001500021035002000036245008200056100001800138250000600156300003500162700002200197260003900219082001200258084001800270020001800288650003200306990001700338990001700355990001700372INLIS00000000000021920180919012250 a0010-09180000731 aSelayang Pandang Maluku Utara /cIr. Nugroho Y; Ilustrator, P. C. Krisdiyanto0 aIr. Nugroho Y a- aiv, 60 hlm. :bilus. ;c21 cm.0 aP. C. Krisdiyanto aKlaten :bPT Intan Pariwara,c2008 a911.598 a911.598 NUG s a979-28-0455-3 aGeografi Historis Indonesia a00936/P/2018 a00937/P/2018 a00938/P/2018